Spectrum of mindfulness : (Record no. 138955)

MARC details
000 -LEADER
fixed length control field 00588nam a22001817a 4500
005 - DATE AND TIME OF LATEST TRANSACTION
control field 20230711124809.0
010 ## - LCCN (DPL NO)
LC control number ENG-117773 ENG-137351
020 ## - INTERNATIONAL STANDARD BOOK NUMBER
Terms of availability 250.00
International Standard Book Number 9789352618156
035 ## - SYSTEM CONTROL NUMBER
System control number EN-101305 EN-120883
037 ## - SOURCE OF ACQUISITION
Source of stock number/acquisition DBAD/PUB
082 ## - DEWEY DECIMAL CLASSIFICATION NUMBER
Classification number 181.499
100 ## - MAIN ENTRY--PERSONAL NAME
Personal name Joshi, Vasant
245 ## - TITLE STATEMENT
Title Spectrum of mindfulness :
Statement of responsibility, etc by Vasant Joshi
Remainder of title Osho insights into inner ecology /
260 ## - PUBLICATION, DISTRIBUTION, ETC. (IMPRINT)
Place of publication, distribution, etc New Delhi`
Name of publisher, distributor, etc Diamond Pocket
Date of publication, distribution, etc 2017
270 ## - ADDRESS
Address X-30, Okhla industrial area, Phase-II
City New Delhi
Postal code 110020
300 ## - PHYSICAL DESCRIPTION
Extent 346p.
Dimensions 22cm(pbk)
942 ## - ADDED ENTRY ELEMENTS (KOHA)
Source of classification or shelving scheme Dewey Decimal Classification
Item type English Books
Classification part 181.499
Call number suffix JOS
Holdings
Withdrawn status Lost status Not for loan Home library Current library Date acquired Source of acquisition Cost, normal purchase price Full call number Barcode Copy number Cost, replacement price Koha item type Collection code
      Diz Area Diz Area 17/04/2017 DBAD/PUB. 250.00 181.499 JOS EN-101305 1 250.00 English Books  
      Narela Narela 11/07/2023 DBAD/PUB 250.00 181.499 JOS EN-120883 1 250.00 English Books Non-fiction

© Delhi Public Library
Hit Counter
free hit counter